| Registos Bibliográficos associados ao registo de autoridade |
|
Etiqueta de registo: 00230nam 2200025 450 001 1373009 003 http://id.bnportugal.gov.pt/bib/catbnp/1373009 100 ## $a20060614d2004 k y0pory0103 ba 101 0# $aeng $dpor $dfre 102 ## $aPT 105 ## $aa m 001yy 106 ## $ar 200 1# $a A prosody model to TTS systems$bTexto policopiado]$fJoão Paulo Ramos Teixeira$gorient. Diamantino Rui da Silva Freitas 210 #9 $aPorto$c[s.n.],$d2004 215 ## $aXXV, 215 p.$cil.$d30 cm$ecurriculum vitae (7 p.) 320 ## $aBibliografia, p. 208 -215 328 #0 $bTese dout.$cEngª. Electrotécnica e de Computadores$eDepart. Engª. Electrotécnica e de Computadores, Fac. Engenharia, Univ. Porto$d2004 675 ## $a004.8(043)$vBN$zpor$31234122 675 ## $a801.6(043)$vBN$zpor$31252802 675 ## $a004.6(043)$vBN$zpor$31238716 675 ## $a811.134.3'322(043)$vBN$zpor$31232508 700 #1 $aTeixeira,$bJoão Paulo Ramos,$f1968-$31245697 702 #1 $aFreitas,$bDiamantino Rui da Silva$4727$340043 712 02 $aUniversidade do Porto.$bFaculdade de Engenharia.$bDepartamento de Engenharia Electrotécnica e de Computadores$4295$3126434 801 #0 $aPT$bBN$gRPC 966 ## $lBN$mFGMON$sP. 21252 V.$x1
Etiqueta de registo: 00833cam 22002413 450 001 633853 003 http://id.bnportugal.gov.pt/bib/catbnp/633853 005 19990105000000.0 095 ## $aPTBN00845460 100 ## $a19961125d1995 k y0pory0103 ba 101 0# $apor$dpor$deng$dfre 102 ## $aPT 105 ## $aa m 001yy 106 ## $ar 200 1# $aModelização paramétrica de sinais para aplicação em sistemas de conversão texto-fala$fJoão Paulo Ramos Teixeira 210 #9 $aPorto$c[s.n],$d1995 215 ## $a[17], 212 f.$cil.$d30 cm 320 ## $aBibliografia, f. 154-158 328 ## $aTese mestr. Eng. Electrotécnica e de Computadores, área Científica de Informática
Industrial, Univ. Porto, 1995 675 ## $a621.3(043)$vBN$zpor$3297328 675 ## $a530.1(043)$vBN$zpor$3302997 700 #1 $aTeixeira,$bJoão Paulo Ramos,$f1968-$31245697 801 #0 $aPT$bBN$gRPC 966 ## $lBN$mFGMON$sS.A. 82505 V.$x1
Etiqueta de registo: 00000nam 2200025 450 001 1983816 003 http://id.bnportugal.gov.pt/bib/catbnp/1983816 100 ## $a20180228d2017 k y0pory01030103ba 101 0# $apor$deng 102 ## $aPT 105 ## $aa m 000yy 106 ## $ar 200 1# $aExploração dos sinais eletroencefalográficos para apoio ao diagnóstico da doença de
Alzheimer$fPedro Miguel de Luís Rodrigues 210 #9 $aPorto$c[s.n.],$d2017 215 ## $a1 v., pag. var.$cil.$d30 cm 328 #1 $aTese dout. Engenharia Biomédica, Faculdade de Engenharia da Universidade do Porto,
2017 675 ## $a621.37(043)$vBN$zpor$3342263 675 ## $a681.5.01(043)$vBN$zpor$31288659 675 ## $a616.894(043)$vBN$zpor$31225753 700 #1 $aRodrigues,$bPedro Miguel de Luís$31705720 702 #1 $aFreitas,$bDiamantino Rui da Silva$4727$340043 702 #1 $aTeixeira,$bJoão Paulo Ramos,$f1968-$4727$31245697 801 #0 $aPT$bBN$gRPC 966 ## $lBN$mFGMON$sS.A. 168179 V.$x1
Etiqueta de registo: 00254nam 2200025 450 001 2289472 003 http://id.bnportugal.gov.pt/bib/catbnp/2289472 100 ## $a20260702d2025 k y0pory01030103ba 101 0# $apor$deng 102 ## $aPT 105 ## $aa m 000yy 106 ## $ar 200 1# $aModelo para um diagnóstico automático da esquizofrenia através de sinais da fala$fFelipe Lage Teixeira$gorient. Salviano Filipe Silva Pinto Soares, João Paulo Ramos Teixeira, José Luís Pio
da Costa Abreu 210 #9 $aVila Real$c[s.n.],$d2025 215 ## $aXXX, 206 p.$cil.$d30 cm 328 #1 $aTese dout. Engenharia Electrotécnica e de Computadores, Universidade de Trás-os-Montes
e Alto Douro, Vila Real, 2025 700 #1 $aTeixeira,$bFelipe Lage$32002489 702 #1 $aSoares,$bSalviano Filipe S. Pinto$4727$31457612 702 #1 $aTeixeira,$bJoão Paulo Ramos,$f1968-$31245697 801 #0 $aPT$bBN$gRPC 966 ## $lBN$mFGMON$x1 971 ## $cabrito$d20260702
|
|
|